000 00657nam a22002057a 4500
005 20251108164027.0
008 250721s1996 xx 000 0 ara d
082 1 4 _a001.6424/سلا
100 1 _aأبو سلامة، وليد
245 1 0 _aأساسيات الكمبيوتر و البرمجة بلغة فورتران 77- 90 /
264 1 _aعمان :
_bدار حنين،
_c1996.
300 _a416ص.
490 0 _aسلسلة كتب الكمبيوتر العربية ؛ 10
650 1 7 _aالحواسيب
650 1 7 _aفورتران
650 1 7 _aلغات البرمجة
700 1 _aالقدوري، أسامه
942 _2ddc
_cBK
999 _c1763
_d1763